[Event "Masters Tournament (MTO)"]
[Site "Biel, CH"]
[Date "2025.07.16"]
[Round "3"]
[White "Lacan Rus, David"]
[Black "Georgescu, Lena"]
[Result "*"]
[Board "12"]
[WhiteFideId "651023075"]
[BlackFideId "1331973"]
[WhiteTitle "FM"]
[BlackTitle "WGM"]
[WhiteElo "2369"]
[BlackElo "2185"]
[WhiteTeam "FRA"]
[BlackTeam "SUI"]
[WhiteClock "0:18:12"]
[BlackClock "0:10:00"]
[Variant "Standard"]

1. e4 {[%clk 1:40:19]}  e5 {[%clk 1:40:56]} 2. Nf3 {[%clk 1:40:43]}  Nc6 {[%clk 1:41:23]} 3. Bb5 {[%clk 1:41:06]}  Nf6 {[%clk 1:41:20]} 4. O-O {[%clk 1:41:02]}  Nxe4 {[%clk 1:41:38]} 5. Re1 {[%clk 1:40:50]}  Nd6 {[%clk 1:41:40]} 6. Nxe5 {[%clk 1:40:50]}  Be7 {[%clk 1:41:45]} 7. Bf1 {[%clk 1:40:54]}  Nxe5 {[%clk 1:42:09]} 8. Rxe5 {[%clk 1:41:16]}  O-O {[%clk 1:42:11]} 9. d4 {[%clk 1:41:28]}  Bf6 {[%clk 1:42:07]} 10. Re1 {[%clk 1:41:47]}  Re8 {[%clk 1:41:40]} 11. c3 {[%clk 1:42:03]}  Rxe1 {[%clk 1:40:09]} 12. Qxe1 {[%clk 1:42:32]}  Ne8 {[%clk 1:39:42]} 13. d5 {[%clk 1:42:53]}  c6 {[%clk 1:38:55]} 14. Be3 {[%clk 1:36:03]}  cxd5 {[%clk 1:31:51]} 15. Qd2 {[%clk 1:43:24]}  Nc7 {[%clk 1:29:17]} 16. Na3 {[%clk 1:43:47]}  d6 {[%clk 1:28:54]} 17. Nc2 {[%clk 1:44:11]}  Bf5 {[%clk 1:27:53]} 18. Nd4 {[%clk 1:42:17]}  Bd7 {[%clk 1:22:21]} 19. g3 {[%clk 1:30:12]}  Qe7 {[%clk 1:16:01]} 20. Bg2 {[%clk 1:17:35]}  Re8 {[%clk 1:04:12]} 21. Re1 {[%clk 1:16:33]}  Qd8 {[%clk 0:56:05]} 22. h4 {[%clk 1:07:58]}  a6 {[%clk 0:39:27]} 23. Nc2 {[%clk 1:04:18]}  Bf5 {[%clk 0:32:19]} 24. Bb6 {[%clk 0:59:03]}  Rxe1+ {[%clk 0:24:27]} 25. Qxe1 {[%clk 0:56:59]}  Bxc2 {[%clk 0:24:19]} 26. Bxc7 {[%clk 0:56:05]}  Qd7 {[%clk 0:38:04]} 27. Bxd5 {[%clk 0:53:51]}  Ba4 {[%clk 0:27:30]} 28. Bb8 {[%clk 0:50:42]}  Bc6 {[%clk 0:25:17]} 29. Qd1 {[%clk 0:39:57]}  Qd8 {[%clk 0:22:31]} 30. Bxc6 {[%clk 0:35:52]}  Qxb8 {[%clk 0:24:41]} 31. Qb3 {[%clk 0:33:36]}  b6 {[%clk 0:22:55]} 32. Bd5 {[%clk 0:25:36]}  Qa7 {[%clk 0:18:37]} 33. Qc4 {[%clk 0:30:09]}  g6 {[%clk 0:13:11]} 34. Qc6 {[%clk 0:27:47]}  Kg7 {[%clk 0:10:44]} 35. Qxd6 {[%clk 0:25:10]}  h5 {[%clk 0:07:52]} 36. Kg2 {[%clk 0:22:25]}  b5 {[%clk 0:10:00]} 37. Qc6 {[%clk 0:18:12]} *

[Event "Masters Tournament (MTO)"]
[Site "Biel, CH"]
[Date "2025.07.16"]
[Round "3"]
[White "Otsuka, Shou"]
[Black "Yash Abhijit Patil"]
[Result "1-0"]
[Board "13"]
[WhiteFideId "7004702"]
[BlackFideId "25602110"]
[WhiteTitle "FM"]
[WhiteElo "2362"]
[BlackElo "2186"]
[WhiteTeam "JPN"]
[BlackTeam "IND"]
[WhiteClock "0:43:25"]
[BlackClock "0:36:55"]
[Variant "Standard"]

1. e4 {[%clk 1:40:39]}  e6 {[%clk 1:40:24]} 2. d4 {[%clk 1:41:02]}  d5 {[%clk 1:40:45]} 3. Nd2 {[%clk 1:41:24]}  Nf6 {[%clk 1:40:19]} 4. e5 {[%clk 1:41:48]}  Nfd7 {[%clk 1:40:44]} 5. f4 {[%clk 1:42:15]}  c5 {[%clk 1:40:32]} 6. c3 {[%clk 1:42:37]}  Nc6 {[%clk 1:40:54]} 7. Ndf3 {[%clk 1:42:56]}  Qb6 {[%clk 1:40:41]} 8. a3 {[%clk 1:43:16]}  a5 {[%clk 1:40:20]} 9. b3 {[%clk 1:43:23]}  Be7 {[%clk 1:34:43]} 10. h4 {[%clk 1:40:45]}  cxd4 {[%clk 1:30:47]} 11. cxd4 {[%clk 1:40:30]}  f6 {[%clk 1:30:36]} 12. Bd3 {[%clk 1:31:15]}  Kd8 {[%clk 1:17:49]} 13. Ne2 {[%clk 1:38:58]}  h6 {[%clk 1:13:30]} 14. Bc2 {[%clk 1:26:33]}  Rf8 {[%clk 1:04:55]} 15. Qd3 {[%clk 1:19:23]}  fxe5 {[%clk 0:48:58]} 16. fxe5 {[%clk 1:18:40]}  g5 {[%clk 0:43:19]} 17. hxg5 {[%clk 1:11:27]}  hxg5 {[%clk 0:39:34]} 18. Bxg5 {[%clk 1:07:50]}  Qa6 {[%clk 0:37:26]} 19. Qe3 {[%clk 1:03:36]}  b5 {[%clk 0:36:15]} 20. Nf4 {[%clk 1:01:35]}  Nb6 {[%clk 0:34:13]} 21. Rh7 {[%clk 0:50:58]}  Ra7 {[%clk 0:36:24]} 22. Ng6 {[%clk 0:50:59]}  Re8 {[%clk 0:36:36]} 23. Nxe7 {[%clk 0:51:10]}  Nxe7 {[%clk 0:36:55]} 24. Nh4 {[%clk 0:43:25]} 1-0

[Event "Masters Tournament (MTO)"]
[Site "Biel, CH"]
[Date "2025.07.16"]
[Round "3"]
[White "Erne, Raphael"]
[Black "Federer, Colin"]
[Result "1-0"]
[Board "14"]
[WhiteFideId "1341928"]
[BlackFideId "1345117"]
[BlackTitle "FM"]
[WhiteElo "2164"]
[BlackElo "2303"]
[WhiteTeam "SUI"]
[BlackTeam "SUI"]
[WhiteClock "0:47:23"]
[BlackClock "0:44:05"]
[Variant "Standard"]

1. c4 {[%clk 1:40:53]}  Nf6 {[%clk 1:40:51]} 2. g3 {[%clk 1:41:10]}  g6 {[%clk 1:41:06]} 3. Bg2 {[%clk 1:41:24]}  Bg7 {[%clk 1:41:29]} 4. Nc3 {[%clk 1:41:28]}  O-O {[%clk 1:41:47]} 5. Nf3 {[%clk 1:41:37]}  d5 {[%clk 1:41:17]} 6. cxd5 {[%clk 1:41:27]}  Nxd5 {[%clk 1:41:43]} 7. O-O {[%clk 1:41:26]}  Nc6 {[%clk 1:41:45]} 8. d4 {[%clk 1:41:18]}  Nb6 {[%clk 1:42:09]} 9. d5 {[%clk 1:41:25]}  Na5 {[%clk 1:42:17]} 10. Qc2 {[%clk 1:41:32]}  c6 {[%clk 1:40:03]} 11. dxc6 {[%clk 1:41:42]}  Nxc6 {[%clk 1:40:27]} 12. Rd1 {[%clk 1:41:51]}  Bd7 {[%clk 1:36:09]} 13. Be3 {[%clk 1:37:26]}  Nc4 {[%clk 1:20:03]} 14. Bd4 {[%clk 1:20:33]}  Nxd4 {[%clk 1:19:40]} 15. Nxd4 {[%clk 1:20:20]}  Rc8 {[%clk 1:04:56]} 16. Bxb7 {[%clk 1:13:42]}  Rb8 {[%clk 1:01:40]} 17. Nc6 {[%clk 1:04:26]}  Qc7 {[%clk 1:00:49]} 18. Nxb8 {[%clk 0:56:44]}  Rxb8 {[%clk 1:00:21]} 19. Nd5 {[%clk 0:51:25]}  Qxb7 {[%clk 0:51:35]} 20. Qxc4 {[%clk 0:50:59]}  Bb5 {[%clk 0:47:30]} 21. Qb3 {[%clk 0:47:38]}  Bxe2 {[%clk 0:44:05]} 22. Nxe7+ {[%clk 0:47:23]} 1-0

[Event "Masters Tournament (MTO)"]
[Site "Biel, CH"]
[Date "2025.07.16"]
[Round "3"]
[White "Sanket Chakravarty"]
[Black "Tureshbayev, Anuar"]
[Result "0-1"]
[Board "15"]
[WhiteFideId "25032038"]
[BlackFideId "651081709"]
[WhiteTitle "IM"]
[WhiteElo "2301"]
[BlackElo "2163"]
[WhiteTeam "INA"]
[BlackTeam "IRL"]
[WhiteClock "0:52:04"]
[BlackClock "1:30:35"]
[Variant "Standard"]

1. Nf3 {[%clk 1:27:25]}  Nf6 {[%clk 1:40:53]} 2. c4 {[%clk 1:27:30]}  e6 {[%clk 1:41:18]} 3. Nc3 {[%clk 1:27:56]}  d5 {[%clk 1:41:44]} 4. e3 {[%clk 1:28:21]}  Bd6 {[%clk 1:42:10]} 5. b3 {[%clk 1:28:43]}  O-O {[%clk 1:42:23]} 6. Bb2 {[%clk 1:29:06]}  Nbd7 {[%clk 1:42:31]} 7. Qc2 {[%clk 1:27:22]}  a6 {[%clk 1:40:46]} 8. Be2 {[%clk 1:29:44]}  b6 {[%clk 1:23:10]} 9. cxd5 {[%clk 1:13:55]}  exd5 {[%clk 1:40:09]} 10. Nxd5 {[%clk 1:14:02]}  Nxd5 {[%clk 1:40:20]} 11. Qc6 {[%clk 1:07:35]}  Nxe3 {[%clk 1:37:57]} 12. fxe3 {[%clk 1:09:53]}  Rb8 {[%clk 1:32:37]} 13. O-O {[%clk 1:05:33]}  Nc5 {[%clk 1:19:36]} 14. Rac1 {[%clk 0:59:36]}  Bb7 {[%clk 1:29:10]} 15. Rxc5 {[%clk 0:52:07]}  Bxc5 {[%clk 1:28:35]} 16. Qa4 {[%clk 0:51:40]}  Bxf3 {[%clk 1:27:28]} 17. Bxf3 {[%clk 0:50:57]}  Qxd2 {[%clk 1:26:46]} 18. Ba1 {[%clk 0:50:44]}  Qxe3+ {[%clk 1:29:07]} 19. Kh1 {[%clk 0:51:13]}  Rbd8 {[%clk 1:28:57]} 20. Qxa6 {[%clk 0:51:15]}  Qd3 {[%clk 1:28:44]} 21. Qxd3 {[%clk 0:50:59]}  Rxd3 {[%clk 1:29:08]} 22. h3 {[%clk 0:51:08]}  Bd4 {[%clk 1:29:07]} 23. Bxd4 {[%clk 0:50:52]}  Rxd4 {[%clk 1:29:32]} 24. Rc1 {[%clk 0:50:40]}  c5 {[%clk 1:29:26]} 25. Re1 {[%clk 0:50:29]}  Rd2 {[%clk 1:30:11]} 26. Re7 {[%clk 0:52:06]}  Rxa2 {[%clk 1:30:31]} 27. Rb7 {[%clk 0:52:35]}  Rb2 {[%clk 1:29:35]} 28. Bd5 {[%clk 0:52:04]}  Rd2 {[%clk 1:30:35]} 0-1

[Event "Masters Tournament (MTO)"]
[Site "Biel, CH"]
[Date "2025.07.16"]
[Round "3"]
[White "Kueppers, Timo"]
[Black "Doraszelski, Alexander"]
[Result "1-0"]
[Board "16"]
[WhiteFideId "16205820"]
[BlackFideId "12996149"]
[WhiteTitle "FM"]
[WhiteElo "2292"]
[BlackElo "2154"]
[WhiteTeam "GER"]
[BlackTeam "GER"]
[WhiteClock "0:31:29"]
[BlackClock "0:35:00"]
[Variant "Standard"]

1. d4 {[%clk 1:38:37]}  d5 {[%clk 1:40:48]} 2. c4 {[%clk 1:38:57]}  e6 {[%clk 1:40:52]} 3. Nf3 {[%clk 1:39:22]}  a6 {[%clk 1:38:28]} 4. Bg5 {[%clk 1:39:42]}  Nf6 {[%clk 1:38:51]} 5. e3 {[%clk 1:40:06]}  dxc4 {[%clk 1:37:02]} 6. Bxc4 {[%clk 1:38:38]}  c5 {[%clk 1:37:24]} 7. O-O {[%clk 1:31:26]}  cxd4 {[%clk 1:32:56]} 8. exd4 {[%clk 1:31:18]}  Be7 {[%clk 1:30:15]} 9. Nc3 {[%clk 1:31:10]}  O-O {[%clk 1:27:54]} 10. Re1 {[%clk 1:29:49]}  Nc6 {[%clk 1:26:59]} 11. Bb3 {[%clk 1:25:56]}  Bd7 {[%clk 1:20:38]} 12. Qd2 {[%clk 0:48:15]}  Rc8 {[%clk 1:06:24]} 13. Rad1 {[%clk 0:40:35]}  Na5 {[%clk 1:02:42]} 14. d5 {[%clk 0:39:45]}  Nxb3 {[%clk 0:57:34]} 15. axb3 {[%clk 0:36:45]}  Bb4 {[%clk 0:44:54]} 16. dxe6 {[%clk 0:34:44]}  Bxc3 {[%clk 0:41:06]} 17. exf7+ {[%clk 0:34:05]}  Rxf7 {[%clk 0:35:26]} 18. bxc3 {[%clk 0:34:28]}  Rc7 {[%clk 0:34:32]} 19. Ne5 {[%clk 0:31:59]}  Re7 {[%clk 0:35:00]} 20. Qd6 {[%clk 0:31:29]} 1-0

[Event "Masters Tournament (MTO)"]
[Site "Biel, CH"]
[Date "2025.07.16"]
[Round "3"]
[White "Schnell, Simon"]
[Black "Doluhanova, Evgeniya"]
[Result "0-1"]
[Board "17"]
[WhiteFideId "1345311"]
[BlackFideId "14112035"]
[BlackTitle "WGM"]
[WhiteElo "2144"]
[BlackElo "2256"]
[WhiteTeam "SUI"]
[BlackTeam "UKR"]
[WhiteClock "0:05:38"]
[BlackClock "0:59:41"]
[Variant "Standard"]

1. d4 {[%clk 1:40:57]}  Nf6 {[%clk 1:40:54]} 2. c4 {[%clk 1:40:49]}  e6 {[%clk 1:41:21]} 3. Nf3 {[%clk 1:40:25]}  b6 {[%clk 1:41:47]} 4. a3 {[%clk 1:40:32]}  c6 {[%clk 1:39:30]} 5. Nc3 {[%clk 1:38:41]}  d5 {[%clk 1:37:59]} 6. Bg5 {[%clk 1:37:06]}  Be7 {[%clk 1:36:25]} 7. e3 {[%clk 1:36:25]}  h6 {[%clk 1:35:30]} 8. Bh4 {[%clk 1:33:40]}  Ba6 {[%clk 1:23:49]} 9. Ne5 {[%clk 1:22:19]}  Nfd7 {[%clk 1:36:44]} 10. Bxe7 {[%clk 1:22:41]}  Qxe7 {[%clk 1:35:26]} 11. f4 {[%clk 1:14:19]}  Nxe5 {[%clk 1:31:02]} 12. dxe5 {[%clk 1:08:21]}  dxc4 {[%clk 1:24:08]} 13. Be2 {[%clk 1:07:01]}  O-O {[%clk 1:26:44]} 14. O-O {[%clk 1:10:05]}  Nd7 {[%clk 1:08:14]} 15. b4 {[%clk 0:53:14]}  Rad8 {[%clk 1:02:20]} 16. Qc2 {[%clk 0:49:14]}  f6 {[%clk 1:00:58]} 17. exf6 {[%clk 0:49:54]}  Nxf6 {[%clk 0:56:03]} 18. Ne4 {[%clk 0:41:54]}  Nd5 {[%clk 1:14:05]} 19. Rf3 {[%clk 0:39:56]}  b5 {[%clk 1:14:29]} 20. Nc5 {[%clk 0:35:42]}  Bc8 {[%clk 1:13:28]} 21. Raf1 {[%clk 0:34:41]}  e5 {[%clk 1:11:45]} 22. f5 {[%clk 0:29:38]}  e4 {[%clk 0:59:54]} 23. f6 {[%clk 0:22:10]}  Nxf6 {[%clk 1:09:25]} 24. Rg3 {[%clk 0:19:35]}  Rd5 {[%clk 1:07:46]} 25. Rf4 {[%clk 0:18:48]}  Bf5 {[%clk 1:04:57]} 26. Qc3 {[%clk 0:16:45]}  Re5 {[%clk 0:59:55]} 27. Qc1 {[%clk 0:14:44]}  Nd5 {[%clk 1:05:31]} 28. Rf1 {[%clk 0:13:25]}  a5 {[%clk 1:04:07]} 29. Qb2 {[%clk 0:12:55]}  axb4 {[%clk 1:05:01]} 30. axb4 {[%clk 0:13:24]}  Nxb4 {[%clk 1:05:13]} 31. Qxb4 {[%clk 0:13:32]}  Qxc5 {[%clk 1:05:38]} 32. Qa5 {[%clk 0:13:43]}  Re7 {[%clk 1:05:37]} 33. Rd1 {[%clk 0:10:47]}  Ra7 {[%clk 1:03:24]} 34. Qc3 {[%clk 0:12:34]}  Be6 {[%clk 1:03:45]} 35. Rb1 {[%clk 0:08:31]}  Bd5 {[%clk 1:02:30]} 36. h3 {[%clk 0:08:08]}  Qd6 {[%clk 1:01:06]} 37. Rg4 {[%clk 0:07:17]}  Qf6 {[%clk 1:03:25]} 38. Qe1 {[%clk 0:07:11]}  c3 {[%clk 1:02:13]} 39. Rf4 {[%clk 0:06:46]}  Qe5 {[%clk 1:01:23]} 40. Rxf8+ {[%clk 0:06:08]}  Kxf8 {[%clk 1:04:12]} 41. Qh4 {[%clk 0:05:38]}  Ra8 {[%clk 0:59:41]} 0-1

[Event "Masters Tournament (MTO)"]
[Site "Biel, CH"]
[Date "2025.07.16"]
[Round "3"]
[White "Guretchii, Kirill"]
[Black "Gut, Lionel"]
[Result "*"]
[Board "18"]
[WhiteFideId "13911872"]
[BlackFideId "1339966"]
[WhiteElo "2029"]
[BlackElo "2239"]
[WhiteTeam "MDA"]
[BlackTeam "SUI"]
[WhiteClock "1:10:52"]
[BlackClock "0:24:58"]
[Variant "Standard"]

1. d4 {[%clk 1:40:58]}  Nf6 {[%clk 1:40:49]} 2. c4 {[%clk 1:41:25]}  g6 {[%clk 1:41:11]} 3. Nc3 {[%clk 1:41:47]}  d5 {[%clk 1:41:38]} 4. cxd5 {[%clk 1:42:09]}  Nxd5 {[%clk 1:42:03]} 5. e4 {[%clk 1:42:33]}  Nxc3 {[%clk 1:42:30]} 6. bxc3 {[%clk 1:42:58]}  Bg7 {[%clk 1:42:56]} 7. Nf3 {[%clk 1:43:22]}  c5 {[%clk 1:43:23]} 8. Bb5+ {[%clk 1:43:46]}  Nc6 {[%clk 1:43:45]} 9. O-O {[%clk 1:44:10]}  O-O {[%clk 1:44:12]} 10. Bxc6 {[%clk 1:44:35]}  bxc6 {[%clk 1:44:39]} 11. Qc2 {[%clk 1:44:59]}  cxd4 {[%clk 1:35:40]} 12. cxd4 {[%clk 1:45:22]}  Bg4 {[%clk 1:35:08]} 13. Ne5 {[%clk 1:45:46]}  Qxd4 {[%clk 1:34:47]} 14. Bb2 {[%clk 1:46:09]}  Qb6 {[%clk 1:35:14]} 15. Rab1 {[%clk 1:46:25]}  Bxe5 {[%clk 1:35:15]} 16. Bxe5 {[%clk 1:46:48]}  Qa5 {[%clk 1:35:35]} 17. Bc3 {[%clk 1:47:13]}  Qc5 {[%clk 1:35:35]} 18. Qb2 {[%clk 1:47:36]}  a5 {[%clk 1:25:03]} 19. Bd4 {[%clk 1:47:43]}  Qd6 {[%clk 1:19:19]} 20. Qc3 {[%clk 1:47:45]}  Be2 {[%clk 1:00:40]} 21. Rfe1 {[%clk 1:48:06]}  Bb5 {[%clk 1:01:05]} 22. a4 {[%clk 1:48:31]}  Bxa4 {[%clk 0:59:57]} 23. Bh8 {[%clk 1:48:55]}  f6 {[%clk 0:54:56]} 24. e5 {[%clk 1:49:19]}  fxe5 {[%clk 0:37:40]} 25. Bxe5 {[%clk 1:27:20]}  Qd5 {[%clk 0:37:00]} 26. Rb7 {[%clk 1:25:39]}  Rf7 {[%clk 0:31:07]} 27. Qa3 {[%clk 1:15:08]}  c5 {[%clk 0:24:51]} 28. Rc7 {[%clk 1:14:58]}  Bc6 {[%clk 0:23:38]} 29. f3 {[%clk 1:15:07]}  a4 {[%clk 0:23:42]} 30. Ba1 {[%clk 1:14:45]}  Re8 {[%clk 0:12:16]} 31. Re5 {[%clk 1:03:06]}  Qd6 {[%clk 0:17:33]} 32. Ra7 {[%clk 0:57:18]}  Qd1+ {[%clk 0:16:47]} 33. Kf2 {[%clk 0:57:42]}  Qc2+ {[%clk 0:15:05]} 34. Re2 {[%clk 0:57:22]}  Qb3 {[%clk 0:14:02]} 35. Re3 {[%clk 0:52:18]}  Qxa3 {[%clk 0:12:17]} 36. Rxa3 {[%clk 0:52:47]}  Rc8 {[%clk 0:09:31]} 37. Rc3 {[%clk 0:52:04]}  Be8 {[%clk 0:09:41]} 38. Ra5 {[%clk 0:50:55]}  c4 {[%clk 0:09:20]} 39. Bb2 {[%clk 0:47:57]}  Rf5 {[%clk 0:08:29]} 40. Ra7 {[%clk 0:39:39]}  Rb5 {[%clk 0:24:58]} 41. Bc1 {[%clk 1:10:52]} *

[Event "Masters Tournament (MTO)"]
[Site "Biel, CH"]
[Date "2025.07.16"]
[Round "3"]
[White "Mostertman, Milan"]
[Black "Snodgrass, Benjamin"]
[Result "1-0"]
[Board "19"]
[WhiteFideId "1025848"]
[BlackFideId "30915422"]
[WhiteTitle "FM"]
[WhiteElo "2212"]
[BlackElo "1964"]
[WhiteTeam "NED"]
[BlackTeam "USA"]
[WhiteClock "1:00:34"]
[BlackClock "0:12:06"]
[Variant "Standard"]

1. e4 {[%clk 1:40:57]}  d6 {[%clk 1:40:04]} 2. d4 {[%clk 1:41:20]}  Nf6 {[%clk 1:39:52]} 3. Nc3 {[%clk 1:41:42]}  e5 {[%clk 1:39:37]} 4. Nf3 {[%clk 1:41:53]}  Nbd7 {[%clk 1:39:21]} 5. Bc4 {[%clk 1:42:10]}  Be7 {[%clk 1:38:53]} 6. O-O {[%clk 1:42:04]}  O-O {[%clk 1:31:14]} 7. Re1 {[%clk 1:34:38]}  c6 {[%clk 1:30:59]} 8. a4 {[%clk 1:32:59]}  a5 {[%clk 1:29:46]} 9. h3 {[%clk 1:31:54]}  Nb6 {[%clk 1:20:54]} 10. Bb3 {[%clk 1:21:58]}  Nfd7 {[%clk 1:18:29]} 11. Be3 {[%clk 1:15:26]}  exd4 {[%clk 1:17:59]} 12. Bxd4 {[%clk 0:51:53]}  Qc7 {[%clk 1:16:43]} 13. Qe2 {[%clk 0:40:50]}  Ne5 {[%clk 1:15:40]} 14. Rad1 {[%clk 0:32:56]}  Re8 {[%clk 1:10:37]} 15. Nxe5 {[%clk 0:32:22]}  dxe5 {[%clk 1:10:21]} 16. Qh5 {[%clk 0:26:35]}  g6 {[%clk 0:57:53]} 17. Bxf7+ {[%clk 0:26:29]}  Kxf7 {[%clk 0:41:07]} 18. Qxh7+ {[%clk 0:22:20]}  Kf6 {[%clk 0:41:03]} 19. f4 {[%clk 0:05:45]}  Bd6 {[%clk 0:40:23]} 20. fxe5+ {[%clk 1:05:11]}  Rxe5 {[%clk 0:36:58]} 21. Rf1+ {[%clk 1:02:13]}  Bf5 {[%clk 0:36:20]} 22. Qh4+ {[%clk 0:57:01]}  Kf7 {[%clk 0:35:22]} 23. Bxe5 {[%clk 0:56:35]}  Bxe5 {[%clk 0:34:25]} 24. exf5 {[%clk 0:50:04]}  Rh8 {[%clk 0:33:14]} 25. fxg6+ {[%clk 1:00:15]}  Kxg6 {[%clk 0:12:16]} 26. Qg4+ {[%clk 0:58:48]}  Kh7 {[%clk 0:12:11]} 27. Rf5 {[%clk 0:58:01]}  Bg7 {[%clk 0:11:00]} 28. Qh5+ {[%clk 0:59:52]}  Kg8 {[%clk 0:10:46]} 29. Qe8+ {[%clk 1:00:13]}  Kh7 {[%clk 0:12:06]} 30. Rh5+ {[%clk 1:00:34]} 1-0

[Event "Masters Tournament (MTO)"]
[Site "Biel, CH"]
[Date "2025.07.16"]
[Round "3"]
[White "Perreard, Nicolas"]
[Black "Tahay, Alexis"]
[Result "*"]
[Board "20"]
[WhiteFideId "1330861"]
[BlackFideId "26090961"]
[BlackTitle "IM"]
[WhiteElo "2100"]
[BlackElo "2375"]
[WhiteTeam "SUI"]
[BlackTeam "FRA"]
[WhiteClock "0:34:01"]
[BlackClock "0:27:30"]
[Variant "Standard"]

1. d4 {[%clk 1:40:58]}  Nf6 {[%clk 1:39:54]} 2. c4 {[%clk 1:41:22]}  e6 {[%clk 1:40:22]} 3. Nf3 {[%clk 1:41:39]}  Bb4+ {[%clk 1:40:17]} 4. Nbd2 {[%clk 1:42:02]}  O-O {[%clk 1:40:04]} 5. a3 {[%clk 1:40:36]}  Bxd2+ {[%clk 1:39:03]} 6. Bxd2 {[%clk 1:42:21]}  b6 {[%clk 1:39:26]} 7. Bg5 {[%clk 1:40:52]}  Bb7 {[%clk 1:38:23]} 8. e3 {[%clk 1:41:09]}  d6 {[%clk 1:37:11]} 9. Be2 {[%clk 1:38:51]}  Nbd7 {[%clk 1:36:54]} 10. O-O {[%clk 1:38:58]}  h6 {[%clk 1:36:33]} 11. Bh4 {[%clk 1:39:23]}  g5 {[%clk 1:35:04]} 12. Bg3 {[%clk 1:39:18]}  Ne4 {[%clk 1:36:05]} 13. Nd2 {[%clk 1:39:43]}  Nxg3 {[%clk 1:34:57]} 14. hxg3 {[%clk 1:33:56]}  e5 {[%clk 1:33:44]} 15. d5 {[%clk 1:29:36]}  f5 {[%clk 1:31:55]} 16. e4 {[%clk 1:38:20]}  f4 {[%clk 1:25:23]} 17. g4 {[%clk 1:38:42]}  Nf6 {[%clk 1:23:33]} 18. Kh2 {[%clk 1:35:50]}  Qd7 {[%clk 1:22:26]} 19. Rh1 {[%clk 1:38:17]}  Kg7 {[%clk 1:22:12]} 20. Kg1 {[%clk 1:35:19]}  Rh8 {[%clk 1:21:35]} 21. b4 {[%clk 1:37:40]}  a5 {[%clk 1:19:13]} 22. c5 {[%clk 1:36:49]}  bxc5 {[%clk 1:17:00]} 23. bxc5 {[%clk 1:38:10]}  dxc5 {[%clk 1:16:52]} 24. Rc1 {[%clk 1:37:41]}  c6 {[%clk 1:13:52]} 25. Nc4 {[%clk 1:32:20]}  Rad8 {[%clk 1:08:31]} 26. dxc6 {[%clk 1:30:51]}  Bxc6 {[%clk 1:02:06]} 27. Qxd7+ {[%clk 1:30:57]}  Nxd7 {[%clk 1:02:06]} 28. Nd6 {[%clk 1:23:49]}  Kf6 {[%clk 1:01:17]} 29. f3 {[%clk 1:30:25]}  Nf8 {[%clk 0:56:36]} 30. Nf5 {[%clk 1:30:21]}  Ne6 {[%clk 0:49:09]} 31. Bc4 {[%clk 1:29:16]}  Nd4 {[%clk 0:56:07]} 32. Rxh6+ {[%clk 1:23:52]}  Rxh6 {[%clk 0:56:35]} 33. Nxh6 {[%clk 1:21:38]}  Rb8 {[%clk 0:54:51]} 34. Nf5 {[%clk 1:18:00]}  Rb2 {[%clk 0:39:23]} 35. Bf1 {[%clk 1:16:31]}  Nb3 {[%clk 0:36:23]} 36. Rd1 {[%clk 1:07:04]}  Nd2 {[%clk 0:34:48]} 37. Nd6 {[%clk 1:04:26]}  Ke7 {[%clk 0:44:13]} 38. Nc4 {[%clk 1:04:33]}  Nxc4 {[%clk 0:44:36]} 39. Bxc4 {[%clk 1:04:58]}  Rc2 {[%clk 0:43:55]} 40. Bd5 {[%clk 1:04:50]}  Ba4 {[%clk 0:44:18]} 41. Rb1 {[%clk 1:04:04]}  c4 {[%clk 0:44:09]} 42. Rb7+ {[%clk 1:04:32]}  Kd6 {[%clk 0:43:18]} 43. Ra7 {[%clk 0:56:52]}  Rc1+ {[%clk 0:35:55]} 44. Kh2 {[%clk 1:03:54]}  c3 {[%clk 0:36:04]} 45. Ra6+ {[%clk 1:04:09]}  Ke7 {[%clk 0:27:40]} 46. Ra7+ {[%clk 0:58:34]}  Bd7 {[%clk 0:34:23]} 47. Bb3 {[%clk 0:58:49]}  Kd6 {[%clk 0:33:42]} 48. Ra6+ {[%clk 0:57:32]}  Kc5 {[%clk 0:33:07]} 49. Rxa5+ {[%clk 0:58:13]}  Kb6 {[%clk 0:32:53]} 50. Rd5 {[%clk 0:57:23]}  Bc6 {[%clk 0:33:52]} 51. Rxe5 {[%clk 0:55:52]}  Rb1 {[%clk 0:33:52]} 52. Bc2 {[%clk 0:55:59]}  Rb2 {[%clk 0:34:17]} 53. Bd1 {[%clk 0:55:33]}  Bb5 {[%clk 0:31:15]} 54. a4 {[%clk 0:51:33]}  Bf1 {[%clk 0:33:39]} 55. Kg1 {[%clk 0:48:27]}  Rb1 {[%clk 0:31:41]} 56. Bc2 {[%clk 0:49:02]}  Rc1 {[%clk 0:30:58]} 57. Bb3 {[%clk 0:43:29]}  Bc4+ {[%clk 0:26:45]} 58. Kh2 {[%clk 0:48:37]}  Bxb3 {[%clk 0:27:14]} 59. Rb5+ {[%clk 0:49:01]}  Ka6 {[%clk 0:27:43]} 60. Rxb3 {[%clk 0:49:21]}  Ka5 {[%clk 0:23:09]} 61. Rb5+ {[%clk 0:42:51]}  Kxa4 {[%clk 0:28:40]} 62. Rxg5 {[%clk 0:41:33]}  Rf1 {[%clk 0:25:47]} 63. Rc5 {[%clk 0:41:48]}  Kb3 {[%clk 0:26:16]} 64. g5 {[%clk 0:40:20]}  c2 {[%clk 0:26:40]} 65. Kh3 {[%clk 0:40:36]}  c1=Q {[%clk 0:26:46]} 66. Rxc1 {[%clk 0:40:26]}  Rxc1 {[%clk 0:27:14]} 67. Kg4 {[%clk 0:41:16]}  Rg1 {[%clk 0:23:52]} 68. Kf5 {[%clk 0:35:44]}  Kc4 {[%clk 0:27:14]} 69. g6 {[%clk 0:35:29]}  Rxg2 {[%clk 0:27:30]} 70. Kf6 {[%clk 0:34:01]} *

[Event "Masters Tournament (MTO)"]
[Site "Biel, CH"]
[Date "2025.07.16"]
[Round "3"]
[White "Poeck, Ole"]
[Black "Leonov, Leonid"]
[Result "*"]
[Board "21"]
[WhiteFideId "4682742"]
[BlackFideId "1698052"]
[WhiteTitle "FM"]
[WhiteElo "2304"]
[BlackElo "2089"]
[WhiteTeam "GER"]
[BlackTeam "AUT"]
[WhiteClock "0:25:18"]
[BlackClock "0:03:38"]
[Variant "Standard"]

1. c4 {[%clk 1:40:56]}  d6 {[%clk 1:38:03]} 2. Nc3 {[%clk 1:40:59]}  e5 {[%clk 1:37:57]} 3. Nf3 {[%clk 1:40:40]}  f5 {[%clk 1:38:11]} 4. e3 {[%clk 1:39:58]}  Be7 {[%clk 1:37:39]} 5. d4 {[%clk 1:39:27]}  e4 {[%clk 1:37:59]} 6. Nd2 {[%clk 1:39:53]}  Nf6 {[%clk 1:36:21]} 7. b4 {[%clk 1:38:03]}  O-O {[%clk 1:34:38]} 8. Be2 {[%clk 1:37:50]}  c6 {[%clk 1:34:16]} 9. a4 {[%clk 1:37:43]}  Na6 {[%clk 1:17:52]} 10. Ba3 {[%clk 1:37:44]}  Nc7 {[%clk 1:15:10]} 11. b5 {[%clk 1:37:02]}  d5 {[%clk 1:12:14]} 12. Qb3 {[%clk 1:37:19]}  Bxa3 {[%clk 1:09:04]} 13. Rxa3 {[%clk 1:37:39]}  Kh8 {[%clk 1:09:11]} 14. cxd5 {[%clk 1:35:35]}  Ncxd5 {[%clk 1:05:51]} 15. Nxd5 {[%clk 1:30:12]}  Nxd5 {[%clk 1:06:39]} 16. O-O {[%clk 1:29:00]}  Be6 {[%clk 1:06:32]} 17. Qb2 {[%clk 1:28:42]}  Qg5 {[%clk 0:56:02]} 18. f4 {[%clk 1:12:26]}  exf3 {[%clk 0:52:47]} 19. Nxf3 {[%clk 1:12:32]}  Qh6 {[%clk 0:51:26]} 20. Qd2 {[%clk 1:12:55]}  Rae8 {[%clk 0:48:53]} 21. bxc6 {[%clk 1:06:22]}  bxc6 {[%clk 0:48:35]} 22. Rc1 {[%clk 1:06:50]}  Bg8 {[%clk 0:36:42]} 23. Ne5 {[%clk 1:06:40]}  Rf6 {[%clk 0:36:16]} 24. Bf3 {[%clk 1:04:09]}  Nb6 {[%clk 0:18:18]} 25. a5 {[%clk 1:02:34]}  Nd5 {[%clk 0:18:39]} 26. h3 {[%clk 0:55:42]}  Ne7 {[%clk 0:13:02]} 27. Rac3 {[%clk 0:56:42]}  Nd5 {[%clk 0:13:21]} 28. Rxc6 {[%clk 0:48:53]}  Nxe3 {[%clk 0:10:05]} 29. Re1 {[%clk 0:44:44]}  f4 {[%clk 0:08:44]} 30. Rc7 {[%clk 0:39:25]}  Rd6 {[%clk 0:08:28]} 31. Qc3 {[%clk 0:38:12]}  Qf6 {[%clk 0:06:15]} 32. Rxa7 {[%clk 0:34:51]}  Red8 {[%clk 0:06:40]} 33. Qc7 {[%clk 0:26:09]}  Nc2 {[%clk 0:04:31]} 34. Qxc2 {[%clk 0:26:17]}  Rxd4 {[%clk 0:04:07]} 35. Ng4 {[%clk 0:25:35]}  Qh4 {[%clk 0:03:42]} 36. Qf2 {[%clk 0:25:18]}  Qg5 {[%clk 0:03:38]} *